|
|
|
|
| LEADER |
00765nab a2200217 i 4500 |
| 001 |
acta8445 |
| 005 |
20251013080741.0 |
| 008 |
161015s1999 hu o 000 hun d |
| 022 |
|
|
|a 1785-7821
|
| 040 |
|
|
|a SZTE Egyetemi Kiadványok Repozitórium
|b hun
|
| 041 |
|
|
|a hun
|
| 100 |
1 |
|
|a Fekete Zoltán
|
| 245 |
1 |
0 |
|a Porfelhok, záporesők, filozófusok
|h [elektronikus dokumentum] :
|b társadalmi- és életközösség Platón Hetedik levelében /
|c Fekete Zoltán
|
| 260 |
|
|
|c 1999
|
| 300 |
|
|
|a 8-25
|
| 490 |
0 |
|
|a Különbség
|v 6 No. 10
|
| 650 |
|
4 |
|a Bölcsészettudományok
|
| 650 |
|
4 |
|a Filozófia, etika és vallástudományok
|
| 695 |
|
|
|a Filozófia
|
| 700 |
0 |
3 |
|a Platon
|
| 856 |
4 |
0 |
|u http://acta.bibl.u-szeged.hu/8445/1/kulonbseg_1999_010_008-025.pdf
|z Dokumentum-elérés
|